| 000 | 00610nam a2200217Ii 4500 | ||
|---|---|---|---|
| 003 | JO-AjNU | ||
| 008 | 230605s9999||||xx |||||||||||||| ||und|| | ||
| 017 | _a1999/11/2130 | ||
| 040 |
_aJO-AjNU _bara _erda _cJO-AjNU |
||
| 041 | _aara | ||
| 050 | 1 | 4 | _aPJ7852.A36.K3 1999 |
| 100 | 3 |
_aتأليف هدى، نادر, _eauthor _945362 |
|
| 245 | 0 | 0 | _aكذلك |
| 250 | _aط1 | ||
| 264 | 3 | 1 | _aإربد:مكتبة البهجة،2001 |
| 300 | _a174ص | ||
| 336 |
_atext _btxt _2rdacontent |
||
| 337 |
_aunmediated _bn _2rdamedia |
||
| 338 |
_avolume _bnc _2rdacarrier |
||
| 650 | 4 |
_aالشعر العربي _945363 |
|
| 999 |
_aA19657 _c23225 _d23225 |
||